Statistiques concernant Les plus grosses fortunes du monde

Cliquez ici pour prendre le quiz!

Statistiques générales

  • Ce quiz a été pris 64 fois
  • Le résultat moyen est 4 sur 15

Statistiques - réponses

Fortune
( milliards $ )
Nom% Correct
180 ( Tesla )Elon Musk
98%
114 ( Amazon )Jeff Bezos
83%
211 ( LVMH )Bernard Arnault
82%
104 ( Microsoft )Bill Gates
75%
79,2 ( Google )Larry Page
15%
106 ( Berkshire Hathaway )Warren Buffett
15%
77,3 ( Zara )Amancio Ortega
5%
80,5 ( L'Oréal )Françoise Bettancourt-Meyers
5%
107 ( Software )Larry Ellison
5%
93 ( Telecom )Carlos Slim Helu
3%
94,5 ( Bloomberg LP )Michael Bloomberg
3%
83,4 ( Reliance IndustriesMukesh Ambani
3%
76 ( Google )Sergey Brin
3%
68 ( Pharmacie )Zhong Shanshan
3%
80,7 ( Microsoft )( Microsoft )
2%

Distribution des résultats

Percentile par nombre de réponses

% des personnes avec chaque résultat

Votre développement - résultats

Vous n’avez pas pris ce quiz